<?xml version="1.0" encoding="UTF-8"?>
<record
    xmlns:xsi="http://www.w3.org/2001/XMLSchema-instance"
    xsi:schemaLocation="http://www.loc.gov/MARC21/slim http://www.loc.gov/standards/marcxml/schema/MARC21slim.xsd"
    xmlns="http://www.loc.gov/MARC21/slim">

  <leader>03068njm a2200529Ia 4500</leader>
  <controlfield tag="001">F2533</controlfield>
  <controlfield tag="003">IT-RoPAU</controlfield>
  <controlfield tag="005">20220918181113.0</controlfield>
  <controlfield tag="008">131025s9999    xx            000 0 und d</controlfield>
  <datafield tag="040" ind1=" " ind2=" ">
    <subfield code="a">IT-RoPAU</subfield>
  </datafield>
  <datafield tag="040" ind1=" " ind2=" ">
    <subfield code="c">IT-RoPAU</subfield>
  </datafield>
  <datafield tag="041" ind1=" " ind2=" ">
    <subfield code="a">INGLESE</subfield>
  </datafield>
  <datafield tag="999" ind1=" " ind2=" ">
    <subfield code="c">99186</subfield>
    <subfield code="d">99186</subfield>
  </datafield>
  <datafield tag="999" ind1=" " ind2=" ">
    <subfield code="b">n.d.</subfield>
  </datafield>
  <datafield tag="100" ind1=" " ind2=" ">
    <subfield code="a">AA.VV.</subfield>
    <subfield code="9">794</subfield>
  </datafield>
  <datafield tag="100" ind1=" " ind2=" ">
    <subfield code="e">Autore musica</subfield>
    <subfield code="9">32563</subfield>
  </datafield>
  <datafield tag="100" ind1=" " ind2=" ">
    <subfield code="g">Codice autore musica SPICS: 12000</subfield>
    <subfield code="9">796</subfield>
  </datafield>
  <datafield tag="245" ind1=" " ind2=" ">
    <subfield code="a">Handmaiden of the Lord-Songs of Mary</subfield>
  </datafield>
  <datafield tag="250" ind1=" " ind2=" ">
    <subfield code="a">1a ed.</subfield>
  </datafield>
  <datafield tag="260" ind1=" " ind2=" ">
    <subfield code="a">BOSTON</subfield>
  </datafield>
  <datafield tag="260" ind1=" " ind2=" ">
    <subfield code="b">DAUGHTERS OF ST. PAUL</subfield>
    <subfield code="c">1988 [1a Ed.:1988 - Ed. Lingua Orig.: 1988]</subfield>
  </datafield>
  <datafield tag="300" ind1=" " ind2=" ">
    <subfield code="a">COMPACT DISC</subfield>
  </datafield>
  <datafield tag="300" ind1=" " ind2=" ">
    <subfield code="c">30 minuti (Testo: 0 pag.)</subfield>
  </datafield>
  <datafield tag="500" ind1=" " ind2=" ">
    <subfield code="a">Musica religiosa. Testi delle canzoni.</subfield>
  </datafield>
  <datafield tag="505" ind1=" " ind2=" ">
    <subfield code="a">"Hail, Holy Queen (4:00) - Regina coeli (2:00) - Immaculate Mary (3:00) - Tota pulchra es (3:00) - Mirror of Infinite Beauty (3:00) - Holy Is His Name (3:00) - O Mary Immaculate (3:00) - I Am Thine (4:00) - Soul of Mary (3:00) - Hail Mary: Gentle Woman (4:00) - Sing of Mary (3:00) - Ave Maria (3:00)</subfield>
  </datafield>
  <datafield tag="511" ind1=" " ind2=" ">
    <subfield code="a">Bunbury Richard: org; Handbell Choir</subfield>
  </datafield>
  <datafield tag="511" ind1=" " ind2=" ">
    <subfield code="a">Darrenkamp Julia Mary Fsp: solista</subfield>
  </datafield>
  <datafield tag="511" ind1=" " ind2=" ">
    <subfield code="a">Gerard Raymond Mary Fsp: solista</subfield>
  </datafield>
  <datafield tag="511" ind1=" " ind2=" ">
    <subfield code="a">Solista: John Darrenkamp, Baritono</subfield>
  </datafield>
  <datafield tag="650" ind1=" " ind2=" ">
    <subfield code="a">RELIGIOSA [COMPACT DISC]</subfield>
    <subfield code="e">Codice MATERIA SPICS: 9949</subfield>
    <subfield code="9">32564</subfield>
  </datafield>
  <datafield tag="700" ind1=" " ind2=" ">
    <subfield code="a">Daughters of St.Paul</subfield>
    <subfield code="g">Codice interprete SPICS: 7531</subfield>
    <subfield code="e">Interprete</subfield>
    <subfield code="9">32565</subfield>
  </datafield>
  <datafield tag="700" ind1=" " ind2=" ">
    <subfield code="a">Lotti Antonio</subfield>
    <subfield code="g">Codice autore musica SPICS: 51035</subfield>
    <subfield code="e">Autore musica</subfield>
    <subfield code="p">Regina coeli</subfield>
    <subfield code="9">32566</subfield>
  </datafield>
  <datafield tag="700" ind1=" " ind2=" ">
    <subfield code="a">Lourdes Pilgrim</subfield>
    <subfield code="g">Codice autore musica SPICS: 51036</subfield>
    <subfield code="e">Autore musica</subfield>
    <subfield code="p">Immaculate Mary</subfield>
    <subfield code="9">32567</subfield>
  </datafield>
  <datafield tag="700" ind1=" " ind2=" ">
    <subfield code="a">AA.VV.</subfield>
    <subfield code="g">Codice autore testo/musica SPICS: 12000</subfield>
    <subfield code="e">Autore testo/musica</subfield>
    <subfield code="p">Hail, Holy Queen - Immaculate Mary</subfield>
    <subfield code="9">32568</subfield>
  </datafield>
  <datafield tag="700" ind1=" " ind2=" ">
    <subfield code="a">Balthasar-Firenze </subfield>
    <subfield code="g">Codice autore musica SPICS: 51037</subfield>
    <subfield code="e">Autore musica</subfield>
    <subfield code="p">Tota pulchra es</subfield>
    <subfield code="9">32569</subfield>
  </datafield>
  <datafield tag="700" ind1=" " ind2=" ">
    <subfield code="a">Mayer Sean Marie David Fsp</subfield>
    <subfield code="g">Codice autore musica SPICS: 51038</subfield>
    <subfield code="e">Autore musica</subfield>
    <subfield code="p">Mirror of Infinite Beauty</subfield>
    <subfield code="9">32570</subfield>
  </datafield>
  <datafield tag="700" ind1=" " ind2=" ">
    <subfield code="a">Talbot John Michael</subfield>
    <subfield code="g">Codice autore musica SPICS: 51039</subfield>
    <subfield code="e">Autore musica</subfield>
    <subfield code="p">Holy Is His Name</subfield>
    <subfield code="9">32571</subfield>
  </datafield>
  <datafield tag="700" ind1=" " ind2=" ">
    <subfield code="a">Herment E.</subfield>
    <subfield code="g">Codice autore musica SPICS: 51040</subfield>
    <subfield code="e">Autore musica</subfield>
    <subfield code="p">O Mary Immaculate</subfield>
    <subfield code="9">32572</subfield>
  </datafield>
  <datafield tag="700" ind1=" " ind2=" ">
    <subfield code="a">Maguire Catherine</subfield>
    <subfield code="g">Codice autore testo/musica SPICS: 51041</subfield>
    <subfield code="e">Autore testo/musica</subfield>
    <subfield code="p">O Mary Immaculate</subfield>
    <subfield code="9">32573</subfield>
  </datafield>
  <datafield tag="700" ind1=" " ind2=" ">
    <subfield code="a">Pfeiffer Agatha</subfield>
    <subfield code="g">Codice autore musica SPICS: 51042</subfield>
    <subfield code="e">Autore musica</subfield>
    <subfield code="p">I Am Thine</subfield>
    <subfield code="9">32574</subfield>
  </datafield>
  <datafield tag="700" ind1=" " ind2=" ">
    <subfield code="a">Stuart Janet</subfield>
    <subfield code="g">Codice autore testo/musica SPICS: 51043</subfield>
    <subfield code="e">Autore testo/musica</subfield>
    <subfield code="p">I Am Thine</subfield>
    <subfield code="9">32575</subfield>
  </datafield>
  <datafield tag="700" ind1=" " ind2=" ">
    <subfield code="a">Gutierrez Angelina Leonarda Fsp</subfield>
    <subfield code="g">Codice autore musica SPICS: 51044</subfield>
    <subfield code="e">Autore musica</subfield>
    <subfield code="p">Soul of Mary</subfield>
    <subfield code="9">32576</subfield>
  </datafield>
  <datafield tag="700" ind1=" " ind2=" ">
    <subfield code="a">Landry Carey</subfield>
    <subfield code="g">Codice autore musica SPICS: 51045</subfield>
    <subfield code="e">Autore musica</subfield>
    <subfield code="p">Hail Mary: Gentle Woman</subfield>
    <subfield code="9">32577</subfield>
  </datafield>
  <datafield tag="700" ind1=" " ind2=" ">
    <subfield code="a">Plymouth Collection</subfield>
    <subfield code="g">Codice autore musica SPICS: 51046</subfield>
    <subfield code="e">Autore musica</subfield>
    <subfield code="p">Sing of Mary</subfield>
    <subfield code="9">32578</subfield>
  </datafield>
  <datafield tag="700" ind1=" " ind2=" ">
    <subfield code="a">Anonimo </subfield>
    <subfield code="g">Codice autore testo/musica SPICS: 2620</subfield>
    <subfield code="e">Autore testo/musica</subfield>
    <subfield code="p">Sing of Mary</subfield>
    <subfield code="9">32579</subfield>
  </datafield>
  <datafield tag="700" ind1=" " ind2=" ">
    <subfield code="a">Schubert Franz</subfield>
    <subfield code="g">Codice autore musica SPICS: 10690</subfield>
    <subfield code="e">Autore musica</subfield>
    <subfield code="p">Ave Maria</subfield>
    <subfield code="9">32580</subfield>
  </datafield>
  <datafield tag="942" ind1=" " ind2=" ">
    <subfield code="c">CD</subfield>
    <subfield code="2">ddc</subfield>
  </datafield>
  <datafield tag="952" ind1=" " ind2=" ">
    <subfield code="0">0</subfield>
    <subfield code="1">0</subfield>
    <subfield code="4">0</subfield>
    <subfield code="6">F_2533_000000000000000</subfield>
    <subfield code="7">1</subfield>
    <subfield code="a">SPICS</subfield>
    <subfield code="b">SPICS</subfield>
    <subfield code="d">2013-10-25</subfield>
    <subfield code="l">0</subfield>
    <subfield code="o">F2533</subfield>
    <subfield code="r">2013-10-25 00:00:00</subfield>
    <subfield code="w">2013-10-25</subfield>
    <subfield code="y">CD</subfield>
    <subfield code="z">Progr. Ins.: 22512 / N.Vol.: 1 / Copie: 1 - Copia rara: n.d. / date import: 01.01.2014 - By Epidotti, Trombetti, Vaglietti</subfield>
  </datafield>
</record>
